Представление документа в формате MARC21

ПолеНазваниеЗначение
  Тип записи a
  Библиографический уровень m
001 Контрольный номер RU\infra-m\znanium\bibl\2237682
005 Дата корректировки 20260429142107.1
008 Кодируемые данные 260331s2025 RU g rus u
020 Индекс ISBN __
a ISBN 978-5-00223-174-4
040 Источник каталогиз. __
a Служба первич. каталог. Общество с ограниченной ответственностью «ЗНАНИУМ»
041 Код языка издания __
a Код языка текста rus
044 Код страны публикации __
a Код страны публикации RU
080 Индекс УДК __
a Индекс УДК 539
084 Индекс другой классификации/Индекс ББК __
2 Источник индекса rubbk
a Индекс другой классификации/Индекс ББК 223
100 Автор __
a Автор Семихатов А.
q Полное имя Семихатов Алексей
245 Заглавие __
a Заглавие Сто лет недосказанности: Квантовая механика для всех в 25 эссе
b Продолж. заглавия Научно-популярная литература
250 Сведения об издании __
a Основные сведения об издании 1
260 Выходные данные __
a Место издания Москва
b Издательство ООО "Альпина нон-фикшн"
c Дата издания 2026
300 Физическое описание __
a Объем 376 с.
520 Аннотация __
a Аннотация Квантовая механика — самый точный из известных человечеству способов описания мира на той фундаментальной глубине которая определяет его структуру но недоступна прямому наблюдению. Только благодаря квантовой природе удается существовать атомам людям звездам и почти всему остальному. Квантовые эффекты которые уже задействованы в технологиях максимально приближаются к нашим представлениям о чудесах. Но в силу самого своего устройства квантовая механика оставляет недосказанности в отношении поведения квантовых объектов и свойств реальности. На заре второго квантового столетия Алексей Семихатов автор бестселлера «Всё что движется» предлагает последовательное изложение современного состояния квантовой механики. Каковы принципиальные особенности квантового мира и какой ценой их можно примирить с интуицией? По каким правилам развиваются квантовые системы во времени и как в это развитие вмешиваются вероятности? Как различные интерпретации квантовой механики подталкивают нас к глубоко философским заключениям о возможном устройстве реальности — от параллельных вселенных до разрывов в восприятии? И как привычная нам реальность возникает из чуждой ей квантовой? Что все-таки делает квантовый компьютер что и как вовлекается в квантовую запутанность и почему квантовым объектам приходится существовать без некоторых свойств? Оказывается о квантовой механике можно всерьез говорить понятным языком а обсуждение ее сложных мест делает этот разговор только интереснее.
521 Примеч. о цел. назн. __
a Примеч. о целев. назн. Дополнительное образование
650 Тематические рубрики __
a Основная рубрика Физико-математические науки
x Основная подрубрика Квантовая механика
655 Указ. предметных рубрик (устаревшее) __
a Жанр/ форма (устаревшее) Научно-популярная литература
856 Электронный адрес документа 4_
a Имя сервера/домена znanium.ru
m Помощь ebs_support@infra-m.ru
n Местонахождение сервера НИЦ ИНФРА-М
u URL https://znanium.ru/catalog/document?id=475228
856 Электронный адрес документа 48
a Имя сервера/домена znanium.ru
d Путь /cover/2237
f Электронное имя 2237682.jpg
q Тип электронного формата image/jpeg
u URL https://znanium.ru/cover/2237/2237682.jpg
911 __
u 0030=https://znanium.ru/catalog/document?id=475228